000 00902nas a2200277 4500
001 BR0801840
003 BR-BrBNA
005 20231205111845.0
007 ta
008 230509b bl.|||p| |||| 00| 00por d
040 _aBR-BrBNA
_bpor
_cBiblioteca Nacional de Agricultura
041 _a(Pt)
072 _aF30
100 1 _aXimenes, P.A.
100 1 _aTorres, M.C.L.
100 1 _aPacheco, C.A.P.
100 1 _aCouto, D.
245 1 _aAvaliação de alguns aspectos qualitativos e quantitativos de cultivares de milho pipoca (Zea mays L.)
650 _aMILHO PIPOCA
650 _aGENÓTIPO
650 _aVARIEDADE RESISTENTE
650 _aRENDIMENTO
773 0 _tAnais da Escola de Agronomia e Veterinária - Universidade Federal de Goiás (Brazil)
_xISSN 0100-218X
_g(Jul-Dec 1995), v. 25(2) p. 115-121
_wBR0801840
909 _a202311
_bLúcia
_c55
_dLúcia Elande
942 _2AGRIS
_n0
_cANA
999 _c194828
_d194828